| 000 | 00710nam a22001937a 4500 | ||
|---|---|---|---|
| 003 | AM-YeHGA | ||
| 005 | 20250617154554.0 | ||
| 008 | 181031s ||||| |||| 00| 0 rus d | ||
| 040 | _aAM-YeHGA | ||
| 041 | 0 | _arus | |
| 100 | 1 | _a | |
| 245 | 0 | 0 |
_aЛыжный спорт : _b[Учеб. пособие для техникумов физ. культуры] / _cПод общ. ред. М.А. Аграновского. |
| 260 |
_aМосква : _bФизкультура и спорт, _c1951. |
||
| 300 |
_a312 с. : _bил. |
||
| 653 | 0 | _aЛыжный спорт - Учебники и пособия | |
| 700 | 1 |
_aАграновский, М.А. _eред. _4edt |
|
| 942 |
_2udc _cBK |
||
| 090 | _c417192 | ||
| 999 |
_c414864 _d414864 |
||